000
00301 a2200109 4500
001
ART_35115
005
20260410161942.0
008
260409a
245
1
0
_a
Accidente in itinere
100
1
_a
Favier, Daniela
773
0
_t
Temas de derecho laboral
_g
- NÂș 12 (dic. 2015)
_w
REV27619
999
_c
29558
_d
29558